Statistics for Tower to City

Click here to take the quiz!

General Stats

  • This quiz has been taken 9 times
  • The average score is 6 of 15

Answer Stats

Answer% Correct
New York City
100%
Shanghai
78%
Toronto
78%
Berlin
56%
Baku
44%
Riyadh
44%
Tehran
33%
Tokyo
33%
Moscow
22%
Seoul
22%
Sydney
22%
Bangkok
11%
Johannesburg
11%
Warsaw
11%
Bamako
0%

Score Distribution

Percentile by Number Answered

Percent of People with Each Score

Your Score History

You have not taken this quiz